Statistics for every country that starts with a vowel

Click here to take the quiz!

General Stats

  • This quiz has been taken 495 times
    (422 since last reset)
  • The average score is 31 of 36

Answer Stats

country% Correct
OOman
96%
UUnited States of America
95%
UUnited Kingdom
94%
IIndia
93%
AAustralia
92%
IIndonesia
92%
IIreland
91%
AAngola
90%
AAustria
90%
EEthiopia
90%
IIran
90%
UUzbekistan
90%
AAlgeria
89%
AAndorra
89%
AArmenia
89%
IIraq
89%
UUganda
89%
UUnited Arab Emirates
89%
UUruguay
89%
AAfghanistan
88%
AAlbania
88%
AAzerbaijan
87%
EEstonia
87%
IIceland
87%
EEcuador
86%
IItaly
86%
AArgentina
85%
IIsrael
84%
EEgypt
83%
EEritrea
83%
AAntigua and Barbuda
82%
UUkraine
81%
EEast Timor
76%
EEl Salvador
75%
EEquatorial Guinea
68%
IIvory Coast
61%

Score Distribution

Percentile by Number Answered

Percent of People with Each Score

Your Score History

You have not taken this quiz since the last reset